Trabajando con los niños (Record no. 17366)

MARC details
000 -LEADER
campo de control de longitud fija 00867ntaaa2200253 4500
003 - IDENTIFICADOR DE NÚMERO DE CONTROL
campo de control 01
005 - FECHA Y HORA DE LA ÚLTIMA TRANSACCIÓN
campo de control 20251027202246.0
008 - DATOS DE LONGITUD FIJA--INFORMACIÓN GENERAL
campo de control de longitud fija 0714s1973 ag 01
020 ## - NÚMERO INTERNACIONAL ESTÁNDAR DEL LIBRO
Número Internacional Estándar del Libro 8472286843
040 ## - FUENTE DE CATALOGACIÓN
Centro catalogador/agencia de origen AR-BaBN
Lengua de catalogación spa
Centro/agencia transcriptor AR-BaBN
Normas de descripción aacr
Centro/agencia modificador RIC
082 ## - NÚMERO DE LA CLASIFICACIÓN DECIMAL DEWEY
Número de clasificación 268.4320 B63t
100 ## - ENTRADA PRINCIPAL--NOMBRE DE PERSONA
Nombre de persona Bolton, Bárbara J
9 (RLIN) 20970
245 ## - MENCIÓN DEL TÍTULO
Título Trabajando con los niños
250 ## - MENCION DE EDICION
Mención de edición 1 ed.
260 ## - PUBLICACIÓN, DISTRIBUCIÓN, ETC.
Lugar de publicación, distribución, etc. Terrassa :
Nombre del editor, distribuidor, etc. Clie,
Fecha de publicación, distribución, etc. 1982
300 ## - DESCRIPCIÓN FÍSICA
Extensión 202 p ;
Dimensiones ilu. : 17,5 cm
500 ## - NOTA GENERAL
Nota general Niños, grados del 1 al 6.Recursos pára los docentes a fin de que los niños, a traves de manualidades, juegos y actividades puedan aprender los contenidos de la Biblia.
650 ## - PUNTO DE ACCESO ADICIONAL DE MATERIA--TÉRMINO DE MATERIA
Término de materia o nombre geográfico como elemento de entrada educacion cristiana-niños
650 ## - PUNTO DE ACCESO ADICIONAL DE MATERIA--TÉRMINO DE MATERIA
Término de materia o nombre geográfico como elemento de entrada educacion religiosa-metodos
9 (RLIN) 20971
650 ## - PUNTO DE ACCESO ADICIONAL DE MATERIA--TÉRMINO DE MATERIA
Término de materia o nombre geográfico como elemento de entrada educacion religiosa-manualidades
9 (RLIN) 20972
650 ## - PUNTO DE ACCESO ADICIONAL DE MATERIA--TÉRMINO DE MATERIA
Término de materia o nombre geográfico como elemento de entrada escuela dominical-niños
700 ## - ENTRADA AGREGADA--NOMBRE PERSONAL
Nombre de persona Smith, Charles T.
9 (RLIN) 20974
942 ## - ELEMENTOS DE ENTRADA SECUNDARIOS (KOHA)
Tipo de ítem Koha Colección General
Holdings
Estatus retirado Estado de pérdida Estado de daño No para préstamo Biblioteca de origen Biblioteca actual Fecha de adquisición Número de inventario Total de préstamos Signatura topográfica completa Código de barras Visto por última vez Precio de reemplazo Tipo de ítem Koha
        Biblioteca Pluis Biblioteca Pluis 27/10/2025 36616   268.4320 B63t 36616 27/10/2025 27/10/2025 Colección General